American tall tales / (Record no. 5508)

MARC details
000 -LEADER
fixed length control field 00975nam a22002897a 4500
001 - CONTROL NUMBER
control field 5508
003 - CONTROL NUMBER IDENTIFIER
control field FISKH
005 - DATE AND TIME OF LATEST TRANSACTION
control field 20241213124740.0
008 - FIXED-LENGTH DATA ELEMENTS--GENERAL INFORMATION
fixed length control field 241213b cb ||||| |||| 00| 0 eng d
020 ## - INTERNATIONAL STANDARD BOOK NUMBER
International Standard Book Number 0590569309
040 ## - CATALOGING SOURCE
Original cataloging agency FISKH
Language of cataloging eng
Transcribing agency FISKH
Modifying agency FISKH
050 ## - LIBRARY OF CONGRESS CALL NUMBER
Classification number PZ8.O813
082 ## - DEWEY DECIMAL CLASSIFICATION NUMBER
Classification number 398.22
100 ## - MAIN ENTRY--PERSONAL NAME
Personal name Osborne, Mary Pope
245 ## - TITLE STATEMENT
Title American tall tales /
Statement of responsibility, etc. by Mary Pope Osborne : Wood engravings by Michael McCurdy
260 ## - PUBLICATION, DISTRIBUTION, ETC.
Place of publication, distribution, etc. New York :
Name of publisher, distributor, etc. Scholastic ;
Date of publication, distribution, etc. 1991.
300 ## - PHYSICAL DESCRIPTION
Extent 113 pages :
Other physical details color illustrations ;
Dimensions 28 cm .
505 ## - FORMATTED CONTENTS NOTE
Formatted contents note Z <br/>
520 ## - SUMMARY, ETC.
Summary, etc. A collection of tall tales about such American folk heroes as Sally Ann Thunder Ann Whirlwind, Pecos Bill, John Henry, and Paul Bunyan.
521 8# - TARGET AUDIENCE NOTE
Target audience note 970 <br/>
Source Lexile <br/>
521 8# - TARGET AUDIENCE NOTE
Target audience note Z <br/>
Source Raz-Plus <br/>
650 ## - SUBJECT ADDED ENTRY--TOPICAL TERM
Topical term or geographic name entry element American history
Form subdivision Juvenile literature
650 ## - SUBJECT ADDED ENTRY--TOPICAL TERM
Topical term or geographic name entry element Davy Crockett
Form subdivision Juvenile literature
700 ## - ADDED ENTRY--PERSONAL NAME
Personal name McCurdy, Michael
Relator term illustrator
942 ## - ADDED ENTRY ELEMENTS (KOHA)
Source of classification or shelving scheme Dewey Decimal Classification
Koha item type Books
Suppress in OPAC No
Holdings
Withdrawn status Lost status Source of classification or shelving scheme Damaged status Not for loan Collection Home library Current library Shelving location Date acquired Total Checkouts Full call number Barcode Date last seen Price effective from Koha item type
    Dewey Decimal Classification     Fiction Footprints International School Library Network Toul Kork Campus Footprints International School Library Network Toul Kork Campus TTP Secondary Fiction Bookshelves 12/13/2024   OSB 398.22 PZ8.O813 FIS01151 12/13/2024 12/13/2024 Books